Statistics for General Knowledge #6

Click here to take the quiz!

General Stats

  • This quiz has been taken 37 times
  • The average score is 12 of 25

Answer Stats

QuestionAnswer% Correct
What is the smallest country in the world?Vatican City
94%
How many legs does a lobster have?10
91%
What is the capital of Argentina?Buenos Aires
85%
What part of a plant conducts photosynthesis?Leaf
79%
What did Constantinople become known as in March 1930?Istanbul
76%
What river runs through Paris?Seine
76%
Area 51 is located in which American state?Nevada
74%
What software company is headquartered in Redmond, Washington?Microsoft
65%
What is the outer layer of the skin called?Epidermis
59%
What alcoholic drink is primarily made from juniper berries?Gin
59%
Aureolin is a shade of what color?Yellow
56%
Who played Ross Geller in "Friends"?David Schwimmer
53%
Who plays Barbie in the 2023 movie of the same name?Margot Robbie
50%
Which body sets the interest rates in the UK?Bank of England
41%
What is the most common pub name in the UK?Red Lion
41%
Who was the Ancient Greek God of the Sun?Helios
38%
Anubis, the God of Death, had the head of which animal?Jackal
32%
What is the longest-running Broadway show?The Phantom of the Opera
32%
In which TV show would you find Randy Marsh and Butters Stotch?South Park
29%
What is the name of the dance at the beginning of The Rocky Horror Picture Show?Time Warp
29%
Who plays comedy character Alan Partridge?Steve Coogan
26%
What is the world's fastest bird?Peregrine Falcon
15%
What does the acronym HIV stand for?Human Immunodeficiency Virus
12%
How many minutes are in a day?1,440
9%
Name either of Cinderella's step-sisters.Anastasia / Drizella
9%

Score Distribution

Percentile by Number Answered

Percent of People with Each Score

Your Score History

You have not taken this quiz